LIBRARY & INFORMATION CENTRE, KCAET, TAVANUR

ONLINE PUBLIC ACCESS CATALOGUE (OPAC)

Narendra Modi | Harbinger of prosperity and apostle of world peace (Record no. 17536)

MARC details
000 -LEADER
fixed length control field 00393nam a22001337a 4500
003 - CONTROL NUMBER IDENTIFIER
control field OSt
008 - FIXED-LENGTH DATA ELEMENTS--GENERAL INFORMATION
fixed length control field 220806b |||||||| |||| 00| 0 eng d
020 ## - INTERNATIONAL STANDARD BOOK NUMBER
ISBN 97817340109
082 ## - DEWEY DECIMAL CLASSIFICATION NUMBER
Classification number 920.009
Item number AGG/NA
100 ## - MAIN ENTRY--AUTHOR NAME
Personal name Aggarwala, Adish C
-- Horan, Elisebath
245 ## - TITLE STATEMENT
Title Narendra Modi
Remainder of title Harbinger of prosperity and apostle of world peace
260 ## - PUBLICATION, DISTRIBUTION, ETC. (IMPRINT)
Place of publication New York
Name of publisher USA Publications
Year of publication 2021
942 ## - ADDED ENTRY ELEMENTS (KOHA)
Koha item type Books
Holdings
Withdrawn status Lost status Damaged status Home library Current library Date acquired Cost, normal purchase price Full call number Accession Number Koha item type
      KAUAET KAUAET 20/12/2021 10000.00 920.009 AGG/NA 26049 Reference
free website counter